000 00779nam a2200205Ii 4500
003 JO-AjNU
008 230605s9999||||xx |||||||||||||| ||und||
017 _a2009/4/1460
040 _aJO-AjNU
_bara
_erda
_cJO-AjNU
041 _aara
050 1 4 _aLC3969.N55 2010
100 3 _aالنمر،عصام مؤلف/الكوفحي،تيسير م.مشارك,
_eauthor
_926142
245 0 0 _aمناهج وأساليب التدريس في التربية والتربية الخاصة
264 3 1 _aعمان:دار اليازوري،2010
300 _a240ص
336 _atext
_btxt
_2rdacontent
337 _aunmediated
_bn
_2rdamedia
338 _avolume
_bnc
_2rdacarrier
650 4 _aالتربية خاصة-أساليب تدريس. الأطفال المعوقون-تعليم
_926143
999 _aA9868
_c13436
_d13436